=LDR 00000nam 2200000 4500 =001 INLIS000000000052801 =005 20180305104806 =035 ##$$a 0010-0318000028 =007 ta =008 180305###########################0###### =020 ##$$a 978-602-202-008-4 =082 ##$$a 519 =084 ##$$a 519 TAH m =100 #$$a Tahcmat hidayat =245 1#$$a Matematika ekonomi dan bisnia /$c Rahcmat hidayat =260 ##$$a Yogyakarta :$b Graha Ilmu,$c 2013 =300 ##$$a x, 400 hlm. : $b ilus. ; $c 26 cm. =500 ##$$a Biografi ; hlm. 394-400 =650 ##$$a Matematik bisnis =504 ##$$a Bibliografi : hlm. 395-397 =990 ##$$a 51845184 =990 ##$$a 51845184 =990 ##$$a 51845184 =990 ##$$a 51845184 =990 ##$$a 51845184 =990 ##$$a 21709041 =990 ##$$a 01201805184 =990 ##$$a 01201805185 =990 ##$$a 01201805186 =990 ##$$a 01201805187 =990 ##$$a 21709042 =990 ##$$a 01201805184 =990 ##$$a 01201805185 =990 ##$$a 01201805186 =990 ##$$a 21709041 =990 ##$$a 21709043 =990 ##$$a 01201805184 =990 ##$$a 01201805185 =990 ##$$a 21709042 =990 ##$$a 21709041 =990 ##$$a 21709044 =990 ##$$a 01201805184 =990 ##$$a 21709043 =990 ##$$a 21709042 =990 ##$$a 21709041 =990 ##$$a 21709045 =990 ##$$a 21709044 =990 ##$$a 21709043 =990 ##$$a 21709042 =990 ##$$a 21709041